Proofs of Genius : Collected Editions from the American Revolution to the Digital Age.

Bibliographic Details
Main Author: Gailey, Amanda.
Format: eBook
Language:English
Published: Ann Arbor : University of Michigan Press, 2015.
Edition:1st ed.
Series:Editorial Theory and Literary Criticism Series
Subjects:
Online Access:Click to View
LEADER 01962nam a22004093i 4500
001 EBC6869063
003 MiAaPQ
005 20231204023220.0
006 m o d |
007 cr cnu||||||||
008 231204s2015 xx o ||||0 eng d
020 |a 9780472900091  |q (electronic bk.) 
020 |z 9780472072750 
035 |a (MiAaPQ)EBC6869063 
035 |a (Au-PeEL)EBL6869063 
035 |a (OCoLC)934653413 
040 |a MiAaPQ  |b eng  |e rda  |e pn  |c MiAaPQ  |d MiAaPQ 
050 4 |a PS88 
082 0 |a 810.9 
100 1 |a Gailey, Amanda. 
245 1 0 |a Proofs of Genius :  |b Collected Editions from the American Revolution to the Digital Age. 
250 |a 1st ed. 
264 1 |a Ann Arbor :  |b University of Michigan Press,  |c 2015. 
264 4 |c Ã2015. 
300 |a 1 online resource (173 pages) 
336 |a text  |b txt  |2 rdacontent 
337 |a computer  |b c  |2 rdamedia 
338 |a online resource  |b cr  |2 rdacarrier 
490 1 |a Editorial Theory and Literary Criticism Series 
505 0 |a Intro -- Contents -- Introduction -- 1. America Collecting Itself: National Identity and Intellectual Property in the Early Republic -- 2. Dickinson's Remains -- 3. Whitman's Shrines -- 4. Cold War Editing and the Rise of the "American Literature Industry" -- 5. The Death of the Author Has Been Greatly Exaggerated -- Notes -- Index. 
588 |a Description based on publisher supplied metadata and other sources. 
590 |a Electronic reproduction. Ann Arbor, Michigan : ProQuest Ebook Central, 2023. Available via World Wide Web. Access may be limited to ProQuest Ebook Central affiliated libraries.  
655 4 |a Electronic books. 
776 0 8 |i Print version:  |a Gailey, Amanda  |t Proofs of Genius  |d Ann Arbor : University of Michigan Press,c2015  |z 9780472072750 
797 2 |a ProQuest (Firm) 
830 0 |a Editorial Theory and Literary Criticism Series 
856 4 0 |u https://ebookcentral.proquest.com/lib/matrademy/detail.action?docID=6869063  |z Click to View